|
|
|
|
| LEADER |
00000naa2a2200000 4500 |
| 001 |
606859 |
| 005 |
20260306095227.0 |
| 035 |
|
|
|a (RuTPU)RU\TPU\conf\4238
|
| 035 |
|
|
|a RU\TPU\conf\4237
|
| 090 |
|
|
|a 606859
|
| 100 |
|
|
|a 20140618d2014 k y0rusy50 ca
|
| 101 |
0 |
|
|a rus
|
| 102 |
|
|
|a RU
|
| 135 |
|
|
|a drcn ---uucaa
|
| 181 |
|
0 |
|a i
|
| 182 |
|
0 |
|a b
|
| 200 |
1 |
|
|a Изготовление активных веществ для металлопористых термокатодов
|d Manufacturing of active subctances for dispencer cathode
|f А. О. Упеникова
|g науч. рук. А. М. Лидер
|
| 203 |
|
|
|a Текст
|c электронный
|
| 215 |
|
|
|a 1 файл(362 Кб)
|
| 225 |
1 |
|
|a Физика
|
| 300 |
|
|
|a Заглавие с экрана
|
| 320 |
|
|
|a [Библиогр.: с. 233-234 (4 назв.)]
|
| 330 |
|
|
|a Two methods of obtaining active substances were observed. It is established that an optimal method of producing the barium aluminate and barium-calcium aluminate is a sintering of mixture consisting of alumina, barium carbonate and calcium carbonate in a high temperature atmospheric heater.
|
| 337 |
|
|
|a Adobe Reader
|
| 463 |
|
1 |
|0 (RuTPU)RU\TPU\conf\3586
|t Перспективы развития фундаментальных наук
|l Prospects of fundamental sciences development
|o сборник научных трудов XI Международной конференция студентов и молодых ученых, г. Томск, 22-25 апреля 2014 г.
|f Национальный исследовательский Томский политехнический университет (ТПУ) ; под ред. Е. А. Вайтулевич
|v [С. 231-234]
|d 2014
|
| 510 |
1 |
|
|a Manufacturing of active subctances for dispencer cathode
|z eng
|
| 610 |
1 |
|
|a электронный ресурс
|
| 610 |
1 |
|
|a труды учёных ТПУ
|
| 610 |
1 |
|
|a активные вещества
|
| 610 |
1 |
|
|a металлопористые термокатоды
|
| 610 |
1 |
|
|a термокатоды
|
| 700 |
|
1 |
|a Упеникова
|b А. О.
|c физик
|c высококвалифицированный рабочий Томского политехнического университета
|f 1990-
|g Анна Олеговна
|3 (RuTPU)RU\TPU\pers\30872
|9 15118
|
| 702 |
|
1 |
|a Лидер
|b А. М.
|c физик
|c профессор Томского политехнического университета, доктор технических наук
|f 1976-2025
|g Андрей Маркович
|4 727
|9 11545
|
| 712 |
0 |
2 |
|a Национальный исследовательский Томский политехнический университет (ТПУ)
|b Физико-технический институт (ФТИ)
|b Кафедра общей физики (ОФ)
|3 (RuTPU)RU\TPU\col\18734
|
| 801 |
|
1 |
|a RU
|b 63413507
|c 20101016
|
| 801 |
|
2 |
|a RU
|b 63413507
|c 20140618
|g RCR
|
| 856 |
4 |
|
|u http://www.lib.tpu.ru/fulltext/c/2014/C21/072.pdf
|
| 942 |
|
|
|c CF
|